000 00422nam a2200181Ia 4500
001 17653
005 20260306171533.0
008 260306s9999||||xx |||||||||||||| ||und||
041 _aESP
082 _a658.15
_bA64
100 _aApaza Meza, Mario
_eAUT
245 0 _aAdministración financiera
260 _c2020
300 _a621 páginas :
_c25 cm.
650 _aGEN
654 _aCAN
942 _cLIB
_dJUS
_fJUS
_2ddc
_n
999 _c17653
_d17653